000 00733cam a2200205 a 4500
001 000006154
005 20200929151944.0
008 830726|1981 pr ac 000 p spa
040 _aDO-SdBNP
_cspa
_dBNPHU
082 _aPR861.44
_bM671a
100 1 _aMirabal, Mili.
_917285
245 1 0 _aApuntes de servilletas y otros poemas /
_cMili Mirabal.
260 _aSan Juan de Puerto Rico :
_bInstituto de Cultura Puertorriquena,
_c1981.
300 _aix, 106 p. :
_bil., retrs. ;
_c18 cm.
490 1 _aSerie Literatura hoy
500 _aPrimer Premioio Centenario Ateneo Puertorriqueño 1976
650 4 _aPoesía puertorriqueña
_91015
650 4 _aLiteratura puertorriqueña
_ySIGLO XX
_95311
830 0 _aSerie Literatura hoy ;
_917286
999 _c5950
_d5950